Castiel Love Confession (Supernatural) - Statistics

General Stats
  • This quiz has been taken 87 times
  • The average score is 133 of 251
Answer Stats
Hint Answer % Correct
Dean.
96%
a
81%
Cas.
81%
Cas...
81%
Castiel I
81%
love.
78%
love
78%
you
78%
You
78%
you.
78%
you,
78%
do
74%
me.
74%
me,
74%
be?
70%
Dean Don't
70%
good
70%
Sam,
70%
the
70%
an
67%
this
67%
This
67%
this,
67%
Dean Why
67%
changed
63%
goodbye?
63%
Castiel Goodbye,
63%
and
59%
And
59%
in
59%
it
59%
it.
59%
Jack...
59%
what
59%
What
59%
are
56%
are.
56%
have.
56%
have
56%
is
56%
is.
56%
know
56%
know...
56%
know.
56%
know,
56%
like.
56%
like
56%
sound
56%
who
56%
about,
52%
about
52%
because
52%
Because
52%
does
52%
talking
52%
that
52%
your
52%
bad,
48%
ever
48%
for
48%
how
48%
human
48%
of
48%
on
48%
see
48%
world
48%
being.
44%
being
44%
cared,
44%
cared.
44%
cared
44%
happiness
44%
Happiness
44%
Hell...
44%
man?
44%
man
44%
want...
44%
whole
44%
saying
41%
since
41%
think
41%
we
41%
will
41%
You're
41%
you're
41%
always
37%
done,
37%
done
37%
has
37%
It's
37%
it's
37%
most
37%
not.
37%
thing
37%
way
37%
yourself,
37%
yourself
37%
But
33%
can't
33%
caring
33%
could
33%
Earth.
33%
Everything
33%
isn't
33%
just
33%
one
33%
out
33%
daddy's
30%
enemies
30%
having,
30%
Knowing
30%
little
30%
loving
30%
my
30%
now...
30%
our
30%
same
30%
something
30%
true
30%
angry,
26%
blunt
26%
brother
26%
everyone
26%
fought
26%
instrument.
26%
met,
26%
drives
22%
knows
22%
look
22%
never
22%
pulled
22%
raised
22%
that's...
22%
that's
22%
wondered,
22%
wondered
22%
anger,
19%
broken.
19%
destructive,
19%
selfless,
19%
burden,
15%
even
15%
hate
15%
took
15%
answer
11%
curse,
11%
found
11%
No matching quizzes found
Score Distribution
Percent of People with Each Score
Percentile by Number Answered
Your Score History
You have not taken this quiz